000 00286nam a22001097a 4500
008 230627b xxu||||| |||| 00| 0 eng d
082 _a338.9
_bGPK
245 _aSessional Paper No. 77 of 1956/57
_bThe Development Programme 1957/60
260 _bGOK
300 _aIV,100p
942 _2ddc
_cBK
999 _c2890
_d2890